000 00280nam a2200109Ia 4500
008 240624s9999 xx 000 0 und d
041 _aeng
082 _a340 MUK
100 _aMUKHERJEE D D
245 _aCREDIT MONITORING LEGAL ASPECTS AND RECO
260 _c2013
_aMumbai
_bSnow White
999 _c22938
_d22938